000 00987cam a2200301 a 4500
999 _c21077
_d21077
001 14317950
003 OSt
005 20200605123249.0
008 060327s2006 ii b 001 0 eng
010 _a 2006346628
020 _a8172732880
020 _a9788172732882
025 _aI-E-2006-346628; 63-91; 70-13
037 _bLibrary of Congress -- New Delhi Overseas Office
_cRs575.00
040 _aDLC
_coclc
_dDLC
042 _alcode
043 _aa-ii---
050 0 0 _aHQ1236.I4
_bL47 2006
082 _a323.340954
_bKUM/W
100 _aKumari, R Letha
_92531
245 1 0 _aWomen in politics :
_bparticipation and governance /
_cR. Letha Kumari
260 _aDelhi :
_bAuthorspress,
_c2006.
300 _a255 p. ;
504 _aIncludes bibliographical references (p. [248]-252) and index.
906 _a7
_bcbc
_corigode
_d3
_encip
_f20
_gy-gencatlg
942 _2ddc
_cBK
_h323.340954
_iKUM/W
_k323.340954
_mKUM/W